Statistiques concernant Culture Générale - Série 675

Cliquez ici pour prendre le quiz!

Statistiques générales

  • Ce quiz a été pris 301 fois
  • Le résultat moyen est 6 sur 10

Statistiques - réponses

QuestionRéponse% Correct
Quelle capitale est à l'origine du mot "berline" ?Berlin
99%
Quand on fête son installation dans un nouveau logement, on dit qu'on pend la...crémaillère
91%
Quelle matière textile donne son nom à l'ancien réseau de routes commerciales reliant l'Asie et l'Europe ?soie
90%
Quel plat partagent "La Belle et le Clochard" lors de leur soirée en amoureux dans un restaurant italien ?spaghettis
75%
Comme son étymologie l'indique, où vit un oiseau sylvicole ?forêt
61%
Dans quel conte des frères Grimm rencontre-t-on la sorcière Massepain ?Hänsel et Gretel
47%
Quel peintre néerlandais a réalisé, en 1632 : "La Leçon d'anatomie du docteur Nicolaes Tulp" ?Rembrandt
46%
En 2005, quelle actrice incarnait la policière Marie Kermeur dans la série "Dolmen" de TF1, aux côtés de Bruno Madinier ?Ingrid Chauvin
34%
Quel acteur et réalisateur américain joue le rôle principal du film : "Docteur Jerry et Mister Love", sorti en 1963 ?Jerry Lewis
30%
Quel artiste hongrois, prénommé Béla, a composé l'oeuvre intitulée : "Le Mandarin merveilleux" ?Bartók
23%

Distribution des résultats

Percentile par nombre de réponses

% des personnes avec chaque résultat

Votre développement - résultats

Vous n’avez pas pris ce quiz